|
|
|
|
| LEADER |
00000nas a2200000 i 4500 |
| 001 |
ssj0060800 |
| 003 |
WaSeSS |
| 005 |
20200512172242.0 |
| 006 |
m d |
| 007 |
cr n |
| 008 |
050614c19999999enkqr pss 0 a0eng d |
| 010 |
|
|
|a 2018207084
|
| 022 |
|
|
|a 1743-4629
|l 1460-3780
|y 1460-3780
|
| 035 |
|
|
|a (WaSeSS)ssj0060800
|
| 040 |
|
|
|a OCLCS
|b eng
|e pn
|c OCLCS
|d OCLCS
|d DLC
|d OCL
|d OCLCQ
|d CUI
|d OCLCF
|d OCLCO
|d TWT
|d OCLCQ
|d OCLCO
|d Z5A
|d FIE
|d DLC
|d WYU
|d U3W
|d ISEYC
|d WaSeSS
|
| 042 |
|
|
|a lccopycat
|
| 050 |
0 |
0 |
|a HV7431
|
| 082 |
0 |
4 |
|a 364.405
|2 21
|
| 245 |
0 |
0 |
|a Crime prevention and community safety
|h [electronic resource].
|
| 260 |
|
|
|3 1999- :
|a Leicester, UK :
|b Perpetuity Press,
|c 1999-
|
| 260 |
3 |
|
|3 <2007-> :
|a Hampshire, UK :
|b Palgrave Macmillan Ltd.
|
| 362 |
1 |
|
|a Began with Volume 1, issue 1 (January 1999).
|
| 500 |
|
|
|a "An international journal."
|
| 506 |
|
|
|a License restrictions may limit access.
|
| 515 |
|
|
|a Some issues combined.
|
| 538 |
|
|
|a Mode of access: World Wide Web.
|
| 588 |
|
|
|a Description based on: Volume 1, issue 1 (January 1999); title from journal cover image on homepage (publisher's Web site, viewed June 14, 2005).
|
| 588 |
|
|
|a Latest issue consulted: Volume 20, issue 3 (August 2018) (Springer Link website, viewed July 25, 2018).
|
| 650 |
|
0 |
|a Crime prevention
|v Periodicals.
|
| 650 |
|
7 |
|a Crime prevention.
|2 fast
|0 (OCoLC)fst00883055
|
| 655 |
|
0 |
|a Electronic journals.
|
| 776 |
0 |
8 |
|i Print version:
|t Crime prevention and community safety
|x 1460-3780
|w (DLC) 2008205563
|w (OCoLC)41269281
|
| 850 |
|
|
|a DLC
|
| 856 |
4 |
0 |
|z Full text available from Research Library: 02/01/2007 to 1 year ago
|u https://search.proquest.com/publication/28093
|